[Event "World Chess Olympiad 2018"]
[Site "Batumi"]
[Date "2018.09.24"]
[Round "1"]
[Board "3"]
[WhiteFideId "3407128"]
[White "Salinas Herrera Pablo"]
[BlackFideId "6001394"]
[Black "Wong Brian"]
[Result "1-0"]
[LiveChessVersion "1.4.8"]
[BlackElo "2024"]
[WhiteElo "2486"]

1. d4 {[%clk 1:30:54]} d6 {[%clk 1:30:06]} 2. Nf3 {[%clk 1:30:08]} Nf6
{[%clk 1:29:22]} 3. c4 {[%clk 1:30:24]} c5 {[%clk 1:26:30]} 4. d5
{[%clk 1:28:24]} g6 {[%clk 1:25:44]} 5. Nc3 {[%clk 1:28:47]} Bf5 {[%clk 1:22:22]}
6. Nd2 {[%clk 1:22:30]} Qa5 {[%clk 1:18:09]} 7. Qb3 {[%clk 1:12:09]} Na6
{[%clk 1:07:34]} 8. e4 {[%clk 0:59:43]} Bxe4 {[%clk 1:02:56]} 9. Qb5+
{[%clk 0:53:05]} Qxb5 {[%clk 1:02:55]} 10. cxb5 {[%clk 0:53:29]} Nb4
{[%clk 1:02:39]} 11. Ndxe4 {[%clk 0:52:15]} Nxe4 {[%clk 1:01:10]} 12. Nxe4
{[%clk 0:52:38]} Nc2+ {[%clk 1:01:34]} 13. Kd1 {[%clk 0:53:04]} Nxa1
{[%clk 1:02:00]} 14. Bd2 {[%clk 0:53:17]} Bg7 {[%clk 0:55:04]} 15. Bc3
{[%clk 0:52:57]} O-O {[%clk 0:54:03]} 16. Kc1 {[%clk 0:50:14]} a5
{[%clk 0:40:46]} 17. Kb1 {[%clk 0:47:25]} Nb3 {[%clk 0:39:19]} 18. axb3
{[%clk 0:44:29]} a4 {[%clk 0:39:01]} 19. Bc4 {[%clk 0:43:56]} a3 {[%clk 0:33:46]}
20. Bxg7 {[%clk 0:42:15]} Kxg7 {[%clk 0:32:27]} 21. bxa3 {[%clk 0:42:04]} Rxa3
{[%clk 0:32:51]} 22. Nc3 {[%clk 0:42:15]} Ra5 {[%clk 0:30:14]} 23. Re1
{[%clk 0:42:19]} Re8 {[%clk 0:27:19]} 24. Kb2 {[%clk 0:41:20]} Kf8
{[%clk 0:23:16]} 25. g4 {[%clk 0:37:51]} h6 {[%clk 0:21:44]} 26. Re3
{[%clk 0:35:17]} f6 {[%clk 0:19:10]} 27. h4 {[%clk 0:31:51]} Kf7 {[%clk 0:18:26]}
28. Bd3 {[%clk 0:30:21]} Rg8 {[%clk 0:08:14]} 29. Ne2 {[%clk 0:30:14]} g5
{[%clk 0:07:39]} 30. h5 {[%clk 0:30:39]} Rga8 {[%clk 0:07:56]} 31. Ng3
{[%clk 0:27:41]} Ra2+ {[%clk 0:07:51]} 32. Kc3 {[%clk 0:28:06]} Rxf2
{[%clk 0:07:31]} 33. Nf5 {[%clk 0:28:33]} Ra1 {[%clk 0:07:36]} 34. Rxe7+
{[%clk 0:27:28]} Kf8 {[%clk 0:08:02]} 35. Re2 {[%clk 0:27:54]} Rc1+
{[%clk 0:05:11]} 36. Kd2 {[%clk 0:28:03]} Rxe2+ {[%clk 0:04:22]} 37. Bxe2
{[%clk 0:28:28]} Rb1 {[%clk 0:04:21]} 38. Bd1 {[%clk 0:28:50]} Ra1
{[%clk 0:02:50]} 39. Nxd6 {[%clk 0:29:07]} Ke7 {[%clk 0:02:34]} 40. Nf5+
{[%clk 0:58:49]} Kd7 {[%clk 0:32:59]} 41. Nxh6 {[%clk 0:58:09]} Kd6
{[%clk 0:33:00]} 42. Bf3 {[%clk 0:57:05]} Rf1 {[%clk 0:31:00]} 43. Nf5+
{[%clk 0:56:37]} Kd7 {[%clk 0:30:17]} 44. Be2 {[%clk 0:56:45]} Rh1
{[%clk 0:29:49]} 45. b6 {[%clk 0:57:07]} Rh3 {[%clk 0:29:56]} 46. h6
{[%clk 0:57:06]} Rxb3 {[%clk 0:29:30]} 47. Bd3 {[%clk 0:57:30]} c4
{[%clk 0:29:32]} 48. Bxc4 {[%clk 0:57:55]} Rh3 {[%clk 0:29:56]} 49. Bb5+
{[%clk 0:58:12]} Kd8 {[%clk 0:30:09]} 50. d6 {[%clk 0:58:36]} Kc8
{[%clk 0:30:11]} 51. Ng7 {[%clk 0:58:33]} Rxh6 {[%clk 0:29:05]} 52. d7+
{[%clk 0:58:55]} Kd8 {[%clk 0:29:33]} 53. Ne6+ {[%clk 0:59:21]} Ke7
{[%clk 0:30:00]} 54. d8=Q+ {[%clk 0:59:42]} Kxe6 {[%clk 0:30:28]} 55. Qe8+
{[%clk 0:58:32]} Kd5 {[%clk 0:30:46]} 56. Qe7 1-0

[Event "World Chess Olympiad 2018"]
[Site "Batumi"]
[Date "2018.09.24"]
[Round "1"]
[Board "4"]
[WhiteFideId "6002552"]
[White "Ho In Hei Henry"]
[BlackFideId "3406903"]
[Black "Garcia Cardenas Pablo"]
[Result "0-1"]
[LiveChessVersion "1.4.8"]
[BlackElo "2444"]
[WhiteElo "1797"]

1. e4 {[%clk 1:30:56]} c5 {[%clk 1:30:34]} 2. Nc3 {[%clk 1:31:07]} Nc6
{[%clk 1:29:43]} 3. f4 {[%clk 1:31:11]} g6 {[%clk 1:27:25]} 4. Nf3
{[%clk 1:31:27]} Bg7 {[%clk 1:27:40]} 5. Bb5 {[%clk 1:31:46]} d6 {[%clk 1:22:55]}
6. O-O {[%clk 1:28:31]} Bd7 {[%clk 1:18:40]} 7. d3 {[%clk 1:26:51]} e6
{[%clk 1:17:55]} 8. a3 {[%clk 1:18:55]} Nf6 {[%clk 1:11:07]} 9. Qe1
{[%clk 1:11:25]} O-O {[%clk 1:06:12]} 10. Bc4 {[%clk 1:02:38]} Nd4
{[%clk 0:57:55]} 11. Nxd4 {[%clk 1:01:12]} cxd4 {[%clk 0:58:19]} 12. Ne2
{[%clk 0:59:10]} d5 {[%clk 0:42:28]} 13. exd5 {[%clk 0:56:23]} exd5
{[%clk 0:42:53]} 14. Bb3 {[%clk 0:54:35]} Re8 {[%clk 0:43:12]} 15. h3
{[%clk 0:41:55]} Qe7 {[%clk 0:32:19]} 16. Rf2 {[%clk 0:41:31]} Ng4
{[%clk 0:31:06]} 17. hxg4 {[%clk 0:32:02]} Bxg4 {[%clk 0:31:30]} 18. Bxd5
{[%clk 0:16:03]} Bxe2 {[%clk 0:31:54]} 19. Qb4 {[%clk 0:15:28]} Rac8
{[%clk 0:20:57]} 20. Bb3 {[%clk 0:13:32]} Bd1 {[%clk 0:11:10]} 21. Qxe7
{[%clk 0:07:19]} Rxe7 {[%clk 0:11:38]} 22. Bd2 {[%clk 0:06:07]} Bg4
{[%clk 0:09:04]} 23. Re1 {[%clk 0:05:51]} Rec7 {[%clk 0:08:10]} 24. Ba5
{[%clk 0:04:49]} Rd7 {[%clk 0:04:35]} 25. Ba4 {[%clk 0:02:42]} Rd5
{[%clk 0:03:03]} 26. Bb4 {[%clk 0:02:58]} a5 {[%clk 0:02:09]} 27. Bb3
{[%clk 0:03:18]} Rf5 {[%clk 0:02:16]} 28. Bd6 {[%clk 0:01:56]} Rd8
{[%clk 0:02:18]} 29. Bc7 {[%clk 0:02:06]} Rc8 {[%clk 0:02:21]} 30. Bd6
{[%clk 0:02:30]} Bf6 {[%clk 0:02:11]} 31. Rff1 {[%clk 0:01:48]} h5
{[%clk 0:00:52]} 32. Be5 {[%clk 0:01:14]} Bxe5 {[%clk 0:00:36]} 33. fxe5
{[%clk 0:00:57]} Rc5 {[%clk 0:00:33]} 34. e6 {[%clk 0:00:40]} Rxf1+
{[%clk 0:00:57]} 35. Kxf1 {[%clk 0:01:01]} fxe6 {[%clk 0:01:02]} 36. Bxe6+
{[%clk 0:01:15]} Bxe6 {[%clk 0:01:20]} 37. Rxe6 {[%clk 0:01:43]} Kf7
{[%clk 0:01:10]} 38. Rb6 {[%clk 0:01:42]} Rxc2 {[%clk 0:01:27]} 39. Rxb7+
{[%clk 0:02:07]} Kf6 {[%clk 0:01:50]} 40. Rd7 {[%clk 0:30:47]} Ke5
{[%clk 0:30:34]} 41. Re7+ {[%clk 0:28:35]} Kf4 {[%clk 0:26:07]} 42. b4
{[%clk 0:20:40]} axb4 {[%clk 0:19:07]} 43. axb4 {[%clk 0:21:00]} Rb2
{[%clk 0:09:00]} 44. Re4+ {[%clk 0:20:11]} Kg3 {[%clk 0:09:23]} 45. Rxd4
{[%clk 0:20:14]} Rf2+ {[%clk 0:08:42]} 46. Ke1 {[%clk 0:20:08]} Rxg2
{[%clk 0:09:04]} 47. Re4 {[%clk 0:09:42]} Rb2 {[%clk 0:05:56]} 48. Re3+
{[%clk 0:09:19]} Kf4 {[%clk 0:05:45]} 49. Re4+ {[%clk 0:06:48]} Kf3
{[%clk 0:05:36]} 50. Rc4 {[%clk 0:01:00]} g5 {[%clk 0:04:30]} 51. Rc5
{[%clk 0:00:40]} Kf4 {[%clk 0:03:32]} 52. Rc4+ {[%clk 0:00:36]} Ke3
{[%clk 0:02:28]} 53. Re4+ {[%clk 0:00:42]} Kf3 {[%clk 0:02:42]} 54. Re5
{[%clk 0:00:39]} Kf4 {[%clk 0:03:06]} 55. Re4+ {[%clk 0:00:50]} Kg3
{[%clk 0:03:25]} 56. d4 {[%clk 0:00:34]} Rxb4 {[%clk 0:02:30]} 57. Ke2
{[%clk 0:00:31]} h4 {[%clk 0:02:39]} 58. Re3+ {[%clk 0:00:32]} Kf4
{[%clk 0:01:55]} 59. Rf3+ {[%clk 0:00:32]} Ke4 {[%clk 0:02:09]} 60. Re3+
{[%clk 0:00:40]} Kxd4 {[%clk 0:01:05]} 61. Re8 {[%clk 0:00:35]} Rb3
{[%clk 0:01:16]} 62. Kf2 {[%clk 0:00:42]} Kd5 {[%clk 0:00:41]} 63. Rg8
{[%clk 0:00:37]} Rg3 {[%clk 0:01:00]} 64. Re8 {[%clk 0:00:55]} Rg4
{[%clk 0:01:15]} 65. Kf3 {[%clk 0:01:08]} Rf4+ {[%clk 0:01:23]} 66. Kg2
{[%clk 0:01:29]} Re4 {[%clk 0:01:30]} 67. Rg8 {[%clk 0:00:52]} Rg4+
{[%clk 0:01:55]} 68. Kf3 {[%clk 0:00:38]} Rg3+ {[%clk 0:02:23]} 69. Kf2
{[%clk 0:01:00]} Ke5 {[%clk 0:02:44]} 70. Rf8 {[%clk 0:00:54]} Rg4
{[%clk 0:02:38]} 71. Re8+ {[%clk 0:00:33]} Kf6 {[%clk 0:03:02]} 72. Rf8+
{[%clk 0:00:31]} Kg7 {[%clk 0:03:27]} 73. Rf3 {[%clk 0:00:33]} Rf4
{[%clk 0:03:00]} 74. Rxf4 {[%clk 0:00:32]} gxf4 {[%clk 0:03:28]} 75. Kf3
{[%clk 0:00:32]} h3 {[%clk 0:03:56]} 0-1

[Event "World Chess Olympiad 2018"]
[Site "Batumi"]
[Date "2018.09.24"]
[Round "1"]
[Board "1"]
[WhiteFideId "22000046"]
[White "Al Mashikhi Salim Aliyan"]
[BlackFideId "12809390"]
[Black "Pultinevicius Paulius"]
[Result "1-0"]
[LiveChessVersion "1.4.8"]
[BlackElo "2465"]
[WhiteElo "2095"]

1. c4 {[%clk 1:30:50]} g6 {[%clk 1:30:22]} 2. Nf3 {[%clk 1:30:01]} Bg7
{[%clk 1:30:35]} 3. g3 {[%clk 1:29:50]} Nf6 {[%clk 1:29:54]} 4. Bg2
{[%clk 1:29:46]} O-O {[%clk 1:29:25]} 5. O-O {[%clk 1:30:02]} d5 {[%clk 1:29:24]}
6. cxd5 {[%clk 1:30:01]} Nxd5 {[%clk 1:29:47]} 7. Nc3 {[%clk 1:30:08]} Nb6
{[%clk 1:26:44]} 8. d3 {[%clk 1:28:42]} c5 {[%clk 1:24:22]} 9. Be3
{[%clk 1:26:05]} c4 {[%clk 1:07:52]} 10. Bxb6 {[%clk 1:20:44]} Qxb6
{[%clk 1:06:53]} 11. Nd5 {[%clk 1:15:50]} Qd8 {[%clk 1:05:08]} 12. dxc4
{[%clk 1:12:02]} Bxb2 {[%clk 1:05:20]} 13. Rb1 {[%clk 1:11:58]} Bg7
{[%clk 1:05:41]} 14. Qa4 {[%clk 1:10:23]} e6 {[%clk 1:04:50]} 15. Nb6
{[%clk 1:09:28]} Bd7 {[%clk 1:00:36]} 16. Qa3 {[%clk 1:02:54]} axb6
{[%clk 1:01:01]} 17. Qxa8 {[%clk 1:02:44]} Bc6 {[%clk 1:00:07]} 18. Qa3
{[%clk 1:00:42]} Qc7 {[%clk 0:52:28]} 19. Qb4 {[%clk 0:59:53]} Nd7
{[%clk 0:52:30]} 20. Rfd1 {[%clk 0:58:52]} Ra8 {[%clk 0:50:22]} 21. Qd6
{[%clk 0:49:31]} Qxd6 {[%clk 0:41:27]} 22. Rxd6 {[%clk 0:49:12]} Rxa2
{[%clk 0:41:37]} 23. Rd2 {[%clk 0:44:53]} Rxd2 {[%clk 0:27:47]} 24. Nxd2
{[%clk 0:45:10]} Kf8 {[%clk 0:28:06]} 25. Bxc6 {[%clk 0:42:24]} bxc6
{[%clk 0:28:30]} 26. Ne4 {[%clk 0:42:08]} Ke7 {[%clk 0:26:01]} 27. Rd1
{[%clk 0:38:00]} Be5 {[%clk 0:23:23]} 28. f4 {[%clk 0:37:44]} Bb8
{[%clk 0:22:39]} 29. Rb1 {[%clk 0:36:20]} h6 {[%clk 0:19:23]} 30. e3
{[%clk 0:35:25]} e5 {[%clk 0:17:54]} 31. Kf2 {[%clk 0:34:46]} f5 {[%clk 0:14:23]}
32. Nc3 {[%clk 0:34:37]} Ke6 {[%clk 0:13:44]} 33. Na4 {[%clk 0:34:32]} Bc7
{[%clk 0:13:38]} 34. Ke2 {[%clk 0:34:07]} exf4 {[%clk 0:07:32]} 35. exf4
{[%clk 0:32:20]} g5 {[%clk 0:07:58]} 36. fxg5 {[%clk 0:32:13]} hxg5
{[%clk 0:08:24]} 37. h4 {[%clk 0:30:13]} g4 {[%clk 0:08:19]} 38. Kf2
{[%clk 0:29:26]} Nf6 {[%clk 0:06:42]} 39. Nc3 {[%clk 0:27:22]} Kd6
{[%clk 0:03:03]} 40. Na4 1-0

[Event "World Chess Olympiad 2018"]
[Site "Batumi"]
[Date "2018.09.24"]
[Round "1"]
[Board "2"]
[WhiteFideId "12803731"]
[White "Laurusas Tomas"]
[BlackFideId "22000100"]
[Black "Salim Al Maashani Amer Said"]
[Result "1-0"]
[LiveChessVersion "1.4.8"]
[BlackElo "2038"]
[WhiteElo "2484"]

1. Nf3 {[%clk 1:30:57]} c5 {[%clk 1:28:51]} 2. c4 {[%clk 1:31:20]} Nf6
{[%clk 1:29:04]} 3. Nc3 {[%clk 1:31:41]} Nc6 {[%clk 1:28:56]} 4. d4
{[%clk 1:32:05]} cxd4 {[%clk 1:29:10]} 5. Nxd4 {[%clk 1:32:28]} g6
{[%clk 1:29:13]} 6. e4 {[%clk 1:32:50]} Bg7 {[%clk 1:27:53]} 7. Be3
{[%clk 1:33:05]} O-O {[%clk 1:27:37]} 8. Be2 {[%clk 1:33:23]} d6 {[%clk 1:24:08]}
9. O-O {[%clk 1:33:46]} a5 {[%clk 1:22:05]} 10. Ndb5 {[%clk 1:30:06]} Be6
{[%clk 1:14:53]} 11. f4 {[%clk 1:22:24]} h5 {[%clk 1:04:57]} 12. h3
{[%clk 1:21:37]} a4 {[%clk 0:51:04]} 13. f5 {[%clk 1:21:53]} Bd7 {[%clk 0:49:27]}
14. fxg6 {[%clk 1:21:21]} fxg6 {[%clk 0:49:45]} 15. Nxa4 {[%clk 1:21:47]} Ne5
{[%clk 0:39:18]} 16. Nac3 {[%clk 1:19:34]} Qc8 {[%clk 0:36:20]} 17. Rc1
{[%clk 1:16:16]} Qc6 {[%clk 0:21:35]} 18. Nd5 {[%clk 1:15:39]} Rf7
{[%clk 0:21:38]} 19. c5 {[%clk 1:13:34]} 1-0

[Event "World Chess Olympiad 2018"]
[Site "Batumi"]
[Date "2018.09.24"]
[Round "1"]
[Board "3"]
[WhiteFideId "22000089"]
[White "Salim Mohammed Salim Al Amri"]
[BlackFideId "12804444"]
[Black "Stremavicius Titas"]
[Result "0-1"]
[LiveChessVersion "1.4.8"]
[BlackElo "2467"]
[WhiteElo "1940"]

1. e4 {[%clk 1:30:57]} d6 {[%clk 1:30:31]} 2. d4 {[%clk 1:30:32]} Nf6
{[%clk 1:30:57]} 3. Nc3 {[%clk 1:30:36]} g6 {[%clk 1:31:22]} 4. f4
{[%clk 1:29:22]} Bg7 {[%clk 1:31:46]} 5. Nf3 {[%clk 1:29:15]} c5 {[%clk 1:32:11]}
6. Bb5+ {[%clk 1:27:38]} Bd7 {[%clk 1:32:35]} 7. Bxd7+ {[%clk 1:26:43]} Nfxd7
{[%clk 1:25:40]} 8. d5 {[%clk 1:26:52]} Na6 {[%clk 1:16:17]} 9. O-O
{[%clk 1:25:35]} Nc7 {[%clk 1:13:07]} 10. Qd3 {[%clk 1:21:38]} a6
{[%clk 1:11:06]} 11. a4 {[%clk 1:21:46]} Rc8 {[%clk 1:06:18]} 12. g4
{[%clk 1:13:44]} O-O {[%clk 0:56:43]} 13. Bd2 {[%clk 1:03:34]} b5
{[%clk 0:56:24]} 14. axb5 {[%clk 1:03:34]} axb5 {[%clk 0:56:25]} 15. Rae1
{[%clk 1:01:42]} c4 {[%clk 0:49:37]} 16. Qe3 {[%clk 0:58:06]} e6 {[%clk 0:46:08]}
17. dxe6 {[%clk 0:57:25]} fxe6 {[%clk 0:46:35]} 18. h4 {[%clk 0:48:31]} Nf6
{[%clk 0:44:44]} 19. Nh2 {[%clk 0:46:32]} d5 {[%clk 0:39:52]} 20. exd5
{[%clk 0:44:06]} exd5 {[%clk 0:40:06]} 21. Ne2 {[%clk 0:43:42]} Ne4
{[%clk 0:35:44]} 22. Ba5 {[%clk 0:41:24]} Qxh4 {[%clk 0:34:00]} 23. Nd4
{[%clk 0:41:14]} Qg3+ {[%clk 0:32:10]} 24. Qxg3 {[%clk 0:41:11]} Nxg3
{[%clk 0:32:08]} 25. Nc6 {[%clk 0:41:24]} Nxf1 {[%clk 0:32:25]} 26. Ne7+
{[%clk 0:41:06]} Kf7 {[%clk 0:30:18]} 27. Nxc8 {[%clk 0:40:48]} Rxc8
{[%clk 0:30:40]} 28. Kxf1 {[%clk 0:40:56]} Ne6 {[%clk 0:29:03]} 29. f5
{[%clk 0:39:09]} gxf5 {[%clk 0:29:22]} 30. gxf5 {[%clk 0:39:34]} Nd4
{[%clk 0:29:37]} 31. Rd1 {[%clk 0:39:15]} Nxc2 {[%clk 0:28:34]} 32. Rd2
{[%clk 0:36:41]} Ne3+ {[%clk 0:28:33]} 33. Kf2 {[%clk 0:36:25]} d4
{[%clk 0:28:48]} 34. Kf3 {[%clk 0:35:51]} Nxf5 {[%clk 0:27:31]} 35. Ke4
{[%clk 0:35:44]} Ke6 {[%clk 0:27:56]} 36. Bb4 {[%clk 0:34:04]} c3
{[%clk 0:27:49]} 37. Rc2 {[%clk 0:26:29]} d3 {[%clk 0:26:58]} 38. Kxd3
{[%clk 0:26:34]} cxb2 {[%clk 0:26:23]} 39. Re2+ {[%clk 0:26:31]} 0-1

[Event "World Chess Olympiad 2018"]
[Site "Batumi"]
[Date "2018.09.24"]
[Round "1"]
[Board "4"]
[WhiteFideId "12800031"]
[White "Malisauskas Vidmantas"]
[BlackFideId "22000062"]
[Black "Salim Issa Ali Shamas"]
[Result "1-0"]
[LiveChessVersion "1.4.8"]
[BlackElo "1885"]
[WhiteElo "2443"]

1. Nf3 {[%clk 1:30:47]} Nf6 {[%clk 1:30:31]} 2. c4 {[%clk 1:31:10]} b6
{[%clk 1:29:23]} 3. g3 {[%clk 1:31:33]} Bb7 {[%clk 1:29:29]} 4. Bg2
{[%clk 1:31:57]} e6 {[%clk 1:29:29]} 5. O-O {[%clk 1:32:19]} Be7 {[%clk 1:29:41]}
6. Nc3 {[%clk 1:32:38]} O-O {[%clk 1:29:57]} 7. Re1 {[%clk 1:33:02]} Ne4
{[%clk 1:29:33]} 8. Nxe4 {[%clk 1:33:25]} Bxe4 {[%clk 1:29:46]} 9. d3
{[%clk 1:33:49]} Bb7 {[%clk 1:30:07]} 10. e4 {[%clk 1:34:11]} d6 11. d4
{[%clk 1:34:05]} Nd7 {[%clk 1:29:34]} 12. h4 {[%clk 1:31:10]} c5 {[%clk 1:29:22]}
13. d5 {[%clk 1:26:35]} e5 {[%clk 1:26:22]} 14. a4 {[%clk 1:24:23]} a5 15. Bh3
{[%clk 1:24:41]} Nb8 {[%clk 1:22:40]} 16. Bg5 {[%clk 1:21:42]} h6
{[%clk 1:22:10]} 17. Bxe7 {[%clk 1:17:35]} Qxe7 {[%clk 1:18:30]} 18. h5
{[%clk 1:17:58]} Na6 {[%clk 1:15:58]} 19. Nh4 {[%clk 1:18:20]} Nb4
{[%clk 1:16:04]} 20. Kg2 {[%clk 1:18:04]} Bc8 {[%clk 1:15:29]} 21. Bxc8
{[%clk 1:18:26]} Raxc8 {[%clk 1:15:48]} 22. Nf5 {[%clk 1:18:46]} Qf6
{[%clk 1:15:48]} 23. Rh1 {[%clk 1:19:06]} Kh7 {[%clk 1:15:50]} 24. Qe2
{[%clk 1:13:56]} Rcd8 {[%clk 1:15:45]} 25. Raf1 {[%clk 1:13:48]} Rd7
{[%clk 1:15:51]} 26. Rh4 {[%clk 1:14:02]} Rg8 {[%clk 1:15:42]} 27. Ne3
{[%clk 1:07:09]} Re7 {[%clk 1:07:36]} 28. Kh3 {[%clk 1:05:22]} Rd7
{[%clk 1:05:36]} 29. f4 {[%clk 1:03:28]} exf4 {[%clk 0:47:15]} 30. Rhxf4
{[%clk 1:03:47]} Qe5 {[%clk 0:47:01]} 31. Qg4 {[%clk 0:59:27]} Re7
{[%clk 0:46:36]} 32. Rxf7 {[%clk 0:58:20]} Qxe4 {[%clk 0:45:30]} 33. Qxe4+
{[%clk 0:53:53]} Rxe4 {[%clk 0:45:23]} 34. Ng4 {[%clk 0:54:16]} Rxc4
{[%clk 0:44:35]} 35. Nf6+ {[%clk 0:54:34]} Kh8 {[%clk 0:45:03]} 36. Nxg8
{[%clk 0:54:49]} Kxg8 {[%clk 0:45:06]} 37. Rd7 {[%clk 0:55:01]} Nxd5
{[%clk 0:45:05]} 38. Rd8+ {[%clk 0:55:21]} Kh7 {[%clk 0:44:35]} 39. Rff8
{[%clk 0:55:41]} 1-0

[Event "World Chess Olympiad 2018"]
[Site "Batumi"]
[Date "2018.09.24"]
[Round "1"]
[Board "2"]
[WhiteFideId "12600407"]
[White "Mensah Joseph Jamena"]
[BlackFideId "3702308"]
[Black "Vazquez Guillermo"]
[Result "0-1"]
[LiveChessVersion "1.4.8"]
[BlackElo "2468"]
[WhiteElo "1999"]

1. e4 {[%clk 1:30:02]} c5 {[%clk 1:30:37]} 2. Nf3 {[%clk 1:30:27]} e6
{[%clk 1:31:11]} 3. d4 {[%clk 1:30:44]} cxd4 {[%clk 1:31:21]} 4. Nxd4 Nc6
{[%clk 1:29:54]} 5. Be3 {[%clk 1:28:01]} Nf6 {[%clk 1:29:54]} 6. Bd3
{[%clk 1:24:30]} d5 7. Nd2 e5 {[%clk 1:20:05]} 8. N4b3 {[%clk 1:08:07]} Be7
{[%clk 1:15:48]} 9. O-O {[%clk 1:06:23]} O-O {[%clk 1:15:26]} 10. c3
{[%clk 1:04:25]} h6 {[%clk 1:10:50]} 11. f3 {[%clk 0:58:33]} b6 {[%clk 1:06:51]}
12. Qe2 {[%clk 0:47:37]} Be6 {[%clk 1:05:06]} 13. Rfd1 {[%clk 0:45:50]} Qc7
{[%clk 1:04:19]} 14. Rac1 {[%clk 0:45:29]} Rad8 {[%clk 1:03:23]} 15. c4
{[%clk 0:35:25]} d4 {[%clk 0:59:29]} 16. Bf2 {[%clk 0:35:34]} Nd7
{[%clk 0:59:32]} 17. a3 {[%clk 0:29:08]} a5 {[%clk 0:58:16]} 18. Rc2
{[%clk 0:23:11]} a4 {[%clk 0:58:09]} 19. Na1 {[%clk 0:22:56]} Nc5
{[%clk 0:57:45]} 20. Nb1 {[%clk 0:16:39]} Na5 {[%clk 0:56:46]} 21. Nd2
{[%clk 0:13:11]} Rc8 {[%clk 0:55:37]} 22. Rdc1 {[%clk 0:11:13]} Bg5
{[%clk 0:55:11]} 23. b4 {[%clk 0:05:44]} axb3 {[%clk 0:55:25]} 24. Naxb3
{[%clk 0:05:18]} Naxb3 {[%clk 0:55:47]} 25. Nxb3 {[%clk 0:05:08]} Nxb3
{[%clk 0:56:10]} 26. Rb1 {[%clk 0:05:14]} Nc5 {[%clk 0:56:29]} 27. Rb4
{[%clk 0:04:32]} Ra8 {[%clk 0:56:46]} 28. Ra2 {[%clk 0:03:24]} Be7
{[%clk 0:57:01]} 29. Bc2 {[%clk 0:01:47]} d3 {[%clk 0:57:09]} 30. Bxd3
{[%clk 0:01:03]} Nxd3 {[%clk 0:57:28]} 0-1

[Event "World Chess Olympiad 2018"]
[Site "Batumi"]
[Date "2018.09.24"]
[Round "1"]
[Board "3"]
[WhiteFideId "2209381"]
[White "Franco Ocampos Zenon"]
[BlackFideId "12600148"]
[Black "Anquandah Francis Eric"]
[Result "1-0"]
[LiveChessVersion "1.4.8"]
[BlackElo "1992"]
[WhiteElo "2486"]

1. d4 {[%clk 1:30:58]} Nf6 {[%clk 1:30:15]} 2. Nf3 {[%clk 1:31:23]} e6
{[%clk 1:30:25]} 3. e3 {[%clk 1:31:48]} b6 {[%clk 1:30:37]} 4. Bd3
{[%clk 1:32:13]} Bb7 {[%clk 1:30:14]} 5. O-O {[%clk 1:32:35]} Be7
{[%clk 1:28:45]} 6. c4 {[%clk 1:32:44]} O-O {[%clk 1:28:33]} 7. Nc3
{[%clk 1:32:46]} d5 {[%clk 1:27:41]} 8. b3 {[%clk 1:32:53]} Nbd7 {[%clk 1:23:10]}
9. Bb2 {[%clk 1:33:07]} c5 {[%clk 1:21:25]} 10. Qe2 {[%clk 1:32:15]} h6
{[%clk 1:16:07]} 11. Rad1 {[%clk 1:29:14]} Qc7 {[%clk 1:09:13]} 12. Ne5
{[%clk 1:26:34]} Rad8 {[%clk 0:53:56]} 13. f4 {[%clk 1:25:32]} cxd4
{[%clk 0:42:20]} 14. exd4 {[%clk 1:25:45]} Bb4 {[%clk 0:41:59]} 15. f5
{[%clk 1:18:30]} Bxc3 {[%clk 0:41:17]} 16. Bxc3 {[%clk 1:18:29]} dxc4
{[%clk 0:36:21]} 17. bxc4 {[%clk 1:15:48]} Rfe8 {[%clk 0:35:51]} 18. h3
{[%clk 1:04:06]} Nb8 {[%clk 0:31:20]} 19. Ng4 {[%clk 1:00:05]} Nxg4
{[%clk 0:24:56]} 20. Qxg4 {[%clk 1:00:13]} exf5 {[%clk 0:23:17]} 21. Qxf5
{[%clk 0:57:48]} g6 {[%clk 0:23:15]} 22. Qf2 {[%clk 0:54:39]} Nc6
{[%clk 0:20:42]} 23. Qh4 {[%clk 0:50:18]} Qe7 {[%clk 0:17:15]} 24. Qxh6
{[%clk 0:49:06]} Qe3+ {[%clk 0:12:35]} 25. Qxe3 {[%clk 0:49:29]} Rxe3
{[%clk 0:12:58]} 26. Kf2 {[%clk 0:46:01]} Re7 {[%clk 0:12:04]} 27. Be2
{[%clk 0:41:19]} Ba6 {[%clk 0:11:02]} 28. Rd2 {[%clk 0:40:29]} Rxe2+
{[%clk 0:10:43]} 29. Rxe2 {[%clk 0:39:52]} Bxc4 {[%clk 0:11:02]} 30. Rd1
{[%clk 0:40:17]} Bxe2 {[%clk 0:10:43]} 31. Kxe2 {[%clk 0:40:45]} Ne7
{[%clk 0:08:55]} 32. Kd3 {[%clk 0:41:01]} Nd5 {[%clk 0:09:13]} 33. Bd2
{[%clk 0:41:05]} f5 {[%clk 0:08:38]} 34. Kc4 {[%clk 0:40:51]} Kf7
{[%clk 0:08:04]} 35. Re1 {[%clk 0:39:56]} Nf6 {[%clk 0:06:39]} 36. Bf4
{[%clk 0:38:20]} Rc8+ {[%clk 0:05:21]} 37. Kd3 {[%clk 0:36:42]} b5
{[%clk 0:04:57]} 38. Re5 {[%clk 0:35:36]} a6 {[%clk 0:05:15]} 39. Bd2
{[%clk 0:29:18]} Ne4 {[%clk 0:04:34]} 40. Bb4 {[%clk 0:58:05]} Re8
{[%clk 0:33:41]} 41. Rxe8 {[%clk 0:58:00]} Kxe8 {[%clk 0:33:59]} 42. d5
{[%clk 0:58:23]} Kd7 {[%clk 0:34:11]} 43. Kd4 {[%clk 0:58:40]} Nf2
{[%clk 0:32:27]} 44. a3 {[%clk 0:54:28]} Kc7 {[%clk 0:29:46]} 45. Be1
{[%clk 0:50:48]} Ne4 {[%clk 0:30:00]} 46. Ke5 {[%clk 0:50:55]} Kd7
{[%clk 0:28:15]} 47. Bb4 {[%clk 0:50:11]} Nf2 {[%clk 0:25:06]} 48. Kf6
{[%clk 0:46:50]} f4 {[%clk 0:24:35]} 49. Kxg6 {[%clk 0:44:39]} f3
{[%clk 0:24:29]} 50. gxf3 {[%clk 0:43:18]} Nxh3 {[%clk 0:24:50]} 51. Kf5
{[%clk 0:42:36]} Nf2 {[%clk 0:24:24]} 52. Ke5 {[%clk 0:40:58]} Nd3+
{[%clk 0:24:03]} 53. Kd4 {[%clk 0:39:54]} Nb2 {[%clk 0:24:21]} 54. f4
{[%clk 0:38:48]} Nc4 {[%clk 0:24:48]} 55. f5 {[%clk 0:38:50]} a5 {[%clk 0:24:53]}
56. Bc5 {[%clk 0:38:23]} Nd2 {[%clk 0:24:49]} 57. Kd3 {[%clk 0:34:17]} Nf3
{[%clk 0:24:29]} 58. f6 {[%clk 0:30:54]} Ke8 {[%clk 0:21:27]} 59. Ke4
{[%clk 0:29:28]} Ng5+ {[%clk 0:19:43]} 60. Kf5 {[%clk 0:29:40]} Nf7
{[%clk 0:19:51]} 61. Ke6 {[%clk 0:25:24]} Ng5+ {[%clk 0:20:18]} 62. Ke5
{[%clk 0:24:46]} Nf7+ {[%clk 0:19:48]} 63. Kd4 {[%clk 0:24:23]} Nd8
{[%clk 0:18:18]} 64. Be7 {[%clk 0:22:22]} Nb7 {[%clk 0:18:12]} 65. Ke5
{[%clk 0:22:11]} Kf7 {[%clk 0:17:48]} 66. Kd4 {[%clk 0:21:01]} Ke8
{[%clk 0:18:10]} 67. d6 {[%clk 0:18:01]} a4 {[%clk 0:17:43]} 68. Kc3
{[%clk 0:16:45]} Nc5 {[%clk 0:14:16]} 69. Kb4 {[%clk 0:16:46]} Nd7
{[%clk 0:13:58]} 70. Kxb5 {[%clk 0:17:07]} Kf7 {[%clk 0:14:12]} 71. Kxa4
{[%clk 0:17:19]} Ke6 {[%clk 0:14:23]} 72. Kb5 {[%clk 0:17:16]} Nxf6
{[%clk 0:14:45]} 73. Bxf6 {[%clk 0:17:40]} Kxd6 {[%clk 0:15:10]} 1-0